| 000 | 00379nam a2200133Ia 4500 | ||
|---|---|---|---|
| 008 | 220615s9999||||xx |||||||||||||| ||und|| | ||
| 020 | _a9783860000000 | ||
| 100 | _aSnijder, Ronald | ||
| 245 | 0 |
_aUploading OA Books _bA manual |
|
| 546 | _aEnglish[eng] | ||
| 650 | _aopen access | ||
| 856 | _uhttps://www.univerlag.uni-goettingen.de/handle/3/isbn-978-3-86395-163-4 | ||
| 942 | _cEB | ||
| 999 |
_c12294 _d12294 |
||